| 000 | 00734nam a22002297a 4500 | ||
|---|---|---|---|
| 003 | UA-OsUOA | ||
| 001 | 59406 | ||
| 007 | ta | ||
| 008 | 20090324b un ||||| |||| 00| 0 ukr d | ||
| 100 | _aХарит М. | ||
| 090 |
_a22 _bХ20 |
||
| 942 | _cBK | ||
| 040 |
_aUA-OsUOA _brus _cUA-OsUOA _dUA-OsUOA |
||
| 245 |
_aТайны святых писаний _bКомментарии к Библии с параллельными местами из Торы и фотоиллюстрациями мартынюк Е., Хачатурян Е. |
||
| 300 | _a384 с. | ||
| 955 | _a2 | ||
| 041 | _arus | ||
| 080 | _a22 | ||
| 260 |
_aМ. _bМодерн _c2006 |
||
| 650 | 7 |
_a22 Біблія. Святе писання _2UDC |
|
| 999 |
_c345491 _d345491 |
||